| 000 | 00397pab a2200157 454500 | ||
|---|---|---|---|
| 008 | 180718b2002 xxu||||| |||| 00| 0 eng d | ||
| 100 | _aBuggal, Bindu | ||
| 245 | _aA national policy for social sciences in India | ||
| 260 | _c2002 | ||
| 300 | _ap.162-65. | ||
| 362 | _aMar | ||
| 650 | _aSocial Sciences - India | ||
| 650 | _aSocial Sciences | ||
| 773 | _aMan and Development | ||
| 909 | _a52204 | ||
| 999 |
_c52204 _d52204 |
||